Sudden Death - Nachbarländer Indiens - Statistiken

Allgemein
  • Dieses Quiz wurde 158 mal gespielt
  • Das Durchschnittsergebnis liegt bei 4 aus 6
Answers on the Grid
Answers color-coded by a green-red scale on the quiz's grid according to % correct below.
Pakistan🇵🇰
China🇨🇳
Nepal🇳🇵
Bhutan🇧🇹
Bangladesch🇧🇩
Myanmar🇲🇲
Thailand🇹🇭
Sri Lanka🇱🇰
Afghanistan🇦🇫
Russland🇷🇺
Saudi-Arabien🇸🇦
Malediven🇲🇻
Indonesien🇮🇩
Usbekistan🇺🇿
Iran🇮🇷
Irak🇮🇶
 
Antwortstatistiken
Antwort % Korrekt
Nepal🇳🇵
78%
Pakistan🇵🇰
77%
Bangladesch🇧🇩
72%
China🇨🇳
69%
Bhutan🇧🇹
66%
Myanmar🇲🇲
53%
Keine übereinstimmenden Quizze gefunden
Verteilung der Resultate
Anzahl Personen mit jedem Resultat
Perzentil nach korrekt beantworteten Fragen
Ihre Resultats-Entwicklung
Sie haben dieses Quiz noch nicht gespielt